Normal view MARC view
  • MS-ELECT-16

Entry Topical Term

Number of records used in: 1

001 - CONTROL NUMBER

  • control field: 84174

003 - CONTROL NUMBER IDENTIFIER

  • control field: NUST

005 - DATE AND TIME OF LATEST TRANSACTION

  • control field: 20211116093746.0

008 - FIXED-LENGTH DATA ELEMENTS

  • fixed length control field: 211116|| aca||aabn | a|a d

040 ## - CATALOGING SOURCE

  • Original cataloging agency: NUST
  • Transcribing agency: NUST

150 ## - HEADING--TOPICAL TERM

  • Topical term or geographic name entry element: MS-ELECT-16

670 ## - SOURCE DATA FOUND

  • Source citation: Work cat.: (NUST)579039: AMER AZIZ 73219, TH-SOF-1802-Heat Transfer model for Photovoltaic Thermal System and Observer Design, 2020
© 2023 Central Library, National University of Sciences and Technology. All Rights Reserved.